Statystyki dla Państwa które mają na fladze księżyc

Kliknij tutaj aby rozwiązać quiz!

Ogólne statystyki

  • Ten quiz został rozwiązany 97 razy
    (90 od ostatniego zresetowania)
  • Średni wynik to 7 z 17

Statystyki odpowiedzi

Odpowiedź% Poprawnych
Turcja
91%
Tunezja
75%
Pakistan
64%
Algieria
63%
Libia
62%
Uzbekistan
54%
Turkmenistan
49%
Mauretania
42%
Singapur
41%
Azerbejdżan
39%
Malediwy
38%
Malezja
36%
Nepal
21%
Komory
20%
Mongolia
18%
Chorwacja
14%
Mołdawia
14%

Rozkład punktacji

Percentyl według liczby udzielonych odpowiedzi

Procent ludzi z każdym wynikiem

Twoja historia wyników

Nie rozwiązałeś tego quizu od ostatniego zresetowania